Devinez ces 10 mots grâce à leur définition #8 (Mots en F) - Statistiques

Statistiques générales
  • Ce quiz a été pris 21 fois
  • Le résultat moyen est 5 sur 10
Statistiques - réponses
Définition Mot % Correct
Enjambée de l'athlète en course (n.f.) F{oulée}
79%
Ardeur impétueuse (n.f.) F{ougue}
63%
Qui est dépourvu de sérieux, qui ne mérite pas qu'on s'y arrête (adj.) F{utile}
63%
Faire un objet grâce à un travail exécuté sur une matière (v.) F{abriquer}
58%
Soumettre à l'impôt (v.) F{iscaliser}
58%
Ornement vertical, le plus souvent triangulaire, au-dessus de l'entrée d'un édifice (n.m.) F{ronton}
58%
Fendre un objet cassant sans que les parties se séparent (v.) F{êler}
53%
Feutre mince utilisé en couture et en décoration (n.f.) F{eutrine}
42%
Science des traditions, des usages et de l'art populaires d'un pays, d'un groupe humain (n.m.) F{olklore}
26%
Bruit léger produit par le frôlement ou le froissement d'une étoffe soyeuse (n.m.) F{roufrou}
21%
Aucun quiz correspondant
Distribution des résultats
% des personnes avec chaque résultat
Percentile par nombre de réponses
Votre historique - résultats
Vous n’avez pas pris ce quiz